| 000 | 00864nam a22002057a 4500 | ||
|---|---|---|---|
| 999 |
_c263 _d263 |
||
| 003 | AR-CdUCM | ||
| 008 | 190222b ||||| |||| 00| 0 spa d | ||
| 040 |
_aMUNICIPALIDAD PROVINCIAL DEL CUSCO _cBIBLIOTECA MUNICIPAL DEL CUSCO |
||
| 082 |
_22 ed. _a468.2 / _bA22 |
||
| 100 |
_aAda-Lafuente, Alma Flor _91123 |
||
| 245 |
_aOir y narrar : _bcurso de redacción y apreciación literaria / |
||
| 260 |
_aLima : _bArica, _c1974. |
||
| 300 |
_a255 páginas ; _bIlustraciones, _c22 cm. |
||
| 505 | _aContenido: Importancia de la letra escrita -- La escritura: auxiliar del razonamiento -- clases de redacción -- El dialogo -- Características deseables en toda redacción -- El empleo del lenguaje ... | ||
| 650 |
_aLengua española _91124 |
||
| 650 |
_aComposición y ejercicios _91125 |
||
| 650 |
_aRedacción _91126 |
||
| 942 |
_2ddc _cLIBROS |
||
| 945 |
_araen _d2019-02-22 |
||